000 00314nam a2200121Ia 4500
008 240731s9999 xx 000 0 und d
022 _a2169-5725
245 0 _aHearing, Balance and Communication
260 _bTaylor & Francis
856 _uhttps://www.tandfonline.com/loi/ihbc20
942 _2ddc
942 _cTFEJ
999 _c76813
_d76813
945 _a1
_bMadushi Gamage
_c1
_dMadushi Gamage